[Event "Mechanics' Spring TNM: 2000+"]
[Site "San Francisco"]
[Date "2019.05.07"]
[Round "8.1"]
[White "Stearman, Josiah P"]
[Black "Diaz, Conrado"]
[Result "1-0"]
[WhiteElo "2387"]
[BlackElo "2343"]
[Annotator "de Firmian/Winslow"]
[PlyCount "127"]
[EventDate "2019.??.??"]

{[%evp 0,127,26,33,46,45,45,25,49,-24,-11,-7,-32,-24,-3,7,32,55,87,89,90,89,89,
86,144,169,132,126,131,130,126,139,136,132,160,155,158,139,123,118,116,121,123,
139,136,123,166,112,115,103,100,89,145,122,130,84,165,153,161,161,166,119,102,
88,98,69,116,116,122,121,130,145,214,164,302,261,281,311,353,349,349,376,376,
305,317,277,279,288,286,204,210,186,195,167,156,153,153,167,184,207,222,336,
336,320,334,296,286,309,385,320,320,343,378,383,383,372,374,340,346,317,303,
308,405,359,350,373,417,422,427,433]} 1. e4 c5 2. Nc3 e6 3. g3 d5 4. Bg2 Nf6 5.
exd5 exd5 6. d3 h6 7. Nge2 Bg4 $6 ({Black could equalize easy with} 7... Nc6) (
{or} 7... d4 8. Ne4 Nxe4 9. dxe4 Nc6) 8. h3 Bxe2 9. Qxe2+ Be7 {[#]} 10. Qf3 $1
Nc6 11. Nxd5 {not fearing ghosts!} Nd4 12. Nxf6+ Bxf6 13. Qe4+ Qe7 14. Qxe7+
Bxe7 15. Kd1 $18 {White's a solid pawn up in the endgame with two bishops.}
O-O-O 16. c3 Nb5 17. Kc2 Rhe8 18. Re1 Bg5 19. Be3 Bxe3 20. fxe3 Re5 21. d4 Rg5
22. g4 Kc7 23. Rf1 Nd6 24. Rf4 h5 25. Raf1 h4 26. Kd3 f6 27. c4 b6 28. Bd5 Re8
29. a3 Re7 30. e4 (30. b4 {holds the dark squares a bit better}) 30... cxd4 31.
b4 Rge5 32. a4 a5 33. bxa5 bxa5 34. Rb1 Kc8 35. Kxd4 {The c-pawn is a monster}
Ne8 36. Rf2 Rc7 37. Rfb2 Kd7 38. c5 Re7 39. Rb5 Rc8 40. Rxa5 Kd8 41. Rb6 Nc7
42. Rd6+ Ke8 43. Bc4 Kf8 44. c6 $6 {still winning, but} (44. Bd5 {first was
even better}) 44... Ne8 45. Rdd5 Rxc6 46. Ra8 Rce6 47. e5 fxe5+ 48. Kd3 e4+ 49.
Ke3 g6 50. Rdd8 Rf6 51. Bb5 {That's it} Rf3+ 52. Ke2 Kg7 53. Rxe8 Rc7 54. Rxe4
Rxh3 55. g5 Rg3 56. Rxh4 Rxg5 57. Rd8 Rc3 58. Kd2 Ra3 59. Rd3 Rg2+ 60. Ke3 Raa2
61. Kd4 g5 62. Rhh3 g4 63. Rhg3 Rxg3 64. Rxg3 1-0

[Event "Mechanics' Spring TNM: 2000+"]
[Site "San Francisco"]
[Date "2019.05.07"]
[Round "8.2"]
[White "Li, Eric Yuhan"]
[Black "Chambers, Ezra"]
[Result "1/2-1/2"]
[WhiteElo "2228"]
[BlackElo "2336"]
[Annotator "de Firmian/Winslow"]
[PlyCount "36"]
[EventDate "2019.??.??"]

{[%evp 0,40,10,30,18,-18,24,24,45,9,49,46,44,22,48,20,29,24,-13,-24,27,-43,-42,
-34,-49,-48,-29,-25,-15,-29,-40,-39,-44,-88,-53,-33,-11,-21,13,-12,23,12,23]} 
1. d4 d5 2. c4 c6 3. Nf3 Nf6 4. Nc3 e6 5. e3 Nbd7 6. Qc2 a6 7. Bd3 dxc4 8. Bxc4
b5 9. Be2 c5 10. O-O Bb7 11. Rd1 cxd4 12. Nxd4 Rc8 13. a3 Qb6 14. Bd2 Bc5 15.
Be1 O-O 16. b4 Be7 17. Qb3 Nd5 18. Bf3 Nxc3 {A solid game, but it doesn't win
the tournament.} 1/2-1/2

[Event "Mechanics' Spring TNM: 2000+"]
[Site "San Francisco"]
[Date "2019.05.07"]
[Round "8.3"]
[White "Winslow, Elliott C"]
[Black "Shaw, Tenzing"]
[Result "1-0"]
[WhiteElo "2306"]
[BlackElo "2287"]
[Annotator "Winslow,Elliott"]
[PlyCount "77"]
[EventDate "2019.??.??"]

{[%evp 0,77,25,21,47,-16,48,27,29,41,77,81,80,69,71,73,79,55,49,37,37,29,29,12,
36,8,17,-22,-1,1,1,1,44,3,25,20,20,-55,0,-11,-11,-23,-23,-37,-48,-48,-53,-115,
-79,-115,-19,-19,29,-34,0,0,14,0,0,6,14,6,83,88,134,143,149,142,149,266,233,
259,264,264,532,544,533,544,632,632]} 1. d4 e6 (1... f5 2. g3 Nf6) 2. c4 f5 3.
g3 Nf6 4. Bg2 c6 5. Nf3 d5 6. O-O Bd6 7. b3 {Hackneyed, but at least the most
popular.} (7. Nc3 O-O 8. Qc2 {is Avrukh's edict in "Grandmaster Repertoire 1.
d4 Volume Two" -- the rewrite just came out, suggesting maybe it's time I got
on this.}) (7. Qc2 {scores best of all in the database, although it's not
clear what next...}) 7... Qe7 {Sure, why even allow the possibility of 8.Ba3.}
8. Bb2 (8. a4 $5 a5 (8... Na6 9. Ba3 {has hardly even been played}) 9. Ba3 {
"gets there first," but b4 remains a hole.}) (8. Ne5 $5 {does well. Worry
about the bishop development later, just like Black.}) 8... O-O (8... b6 $5 {
in accordance with "Castle as *late* as you can."}) 9. Nbd2 (9. Qc1 $5 {
I thought I might have played this before, but if so I haven't entered the
game yet.}) 9... b6 {The "modern," and frankly rather annoying (for White)
method of playing for Black. Are the days of Bc8-d7-e8-h5 over? I miss that
maneuver!} 10. Ne5 Bb7 11. Nd3 (11. Rc1 a5 12. e3 (12. Ndf3 Na6 13. Nd3 Ne4 14.
Nfe5 Rac8 15. e3 c5 16. dxc5 bxc5 17. Nf4 Nb4 18. a3 Bxe5 19. Bxe5 Nc6 {
was drawn here in -- what? Avrukh,B (2425)-Gleizerov,E (2535) St Petersburg
1994! Well at least he was motivated to come up with something better!}) 12...
Na6 13. Nb1 $5 Bxe5 $5 14. dxe5 Ne4 {0-1 (52) Caruana,F (2802)-Carlsen,M (2863)
Shamkir 2015 CBM 166 [Stohl,I]} 15. Nc3 $5 Nac5 (15... Rac8 $5) 16. Ba3 {
was +/= in notes by Stohl, 2015, but Stockfish 10 makes it +/- (1.12). Trust
but verify!?}) 11... a5 12. Qc2 ({Just} 12. Nf3 {as planned might be better.})
12... Na6 {Black has scored really well here, well 6-5...} 13. Rac1 {(I felt
this was wrong not long after I played it -- consolation that two of the three
highest rated players to reach this position also played this rook (others
played the other one here).} Ne4 (13... Nb4 14. Qb1 Ne4) 14. f3 Nxd2 15. Qxd2
c5 16. e3 Nb4 17. dxc5 $146 (17. Ba1 Rfd8 18. Rfe1 a4 19. Nxb4 cxb4 20. Bb2
axb3 21. axb3 dxc4 22. bxc4 Ra2 23. Ra1 Rda8 24. Rxa2 Rxa2 25. Ra1 Rxa1+ 26.
Bxa1 Qc7 27. Qd3 Bc6 28. d5 Bd7 29. f4 e5 30. fxe5 Bxe5 31. d6 Bxd6 32. Qd4 Be8
33. Bd5+ Kf8 34. Kf2 Bc5 35. Qh4 h6 {0-1 (35) Kutirov,R (2381)-Guliev,S (2528)
Ohrid 2001}) 17... bxc5 18. a3 {[#]} dxc4 $6 {Tenzing has done something like
this before, in the first game we played, which was also a Dutch (but a
Leningrad, i.e. ...g6 and ...Bg7 with that bishop). In that game I took a pawn,
but instead of recapturing he attacked a knight, improving everything "when" I
retreated. Except I didn't, took another pawn and got "lava pawns," running
down the center and pushing his pieces away. (1-0 30, Winslow,E - Shaw,T,
Mechanics' Winter TNM 2015.1.27) Alas, no lava pawns this time. (But one loose
asteroid!)} (18... Nxd3 $15 19. Qxd3 a4 {when White's queenside is weaker than
Black's} ({or} 19... Rab8)) 19. axb4 $6 {Going for complicated instead of
sober -- as the tournament situation called for. (See Board 2 for the other
strategy)} (19. bxc4 Nxd3 20. Qxd3 e5 {leads nowhere for nobody (0.00)}) 19...
cxd3 20. b5 {I'm worse, I'm probably going to still be down a pawn, but it's
rather a crazy game.} Rfd8 21. Rfd1 (21. Qxd3 Bxg3 22. Qc3 Bd6 $17) 21... Qe8 (
21... c4 $5 22. Rxc4 (22. bxc4 Bb4 23. Bc3 Bc5 (23... Qc5)) 22... Bd5 23. Rd4
Bb4 24. Qxd3 Bc5 {doesn't hold together}) 22. Qc3 Bf8 23. Qc4 (23. Rxd3 Qxb5
24. Rcd1 Rxd3 25. Qxd3 $19 {after a long computer perusal.}) 23... Bd5 24. Qa4
{[#]} Bb7 $2 {At the time I was pretty sure this was a solid misstep.} (24...
Rab8 $1 25. e4 (25. Rxd3 Rxb5) 25... Ba8 $1 {gets out of the way.}) 25. Rc3 (
25. Be5 $5) 25... Qh5 (25... Bc8 $5 {(the other way!)} 26. Qc4 (26. Bf1 Bd7 27.
Rdxd3 Rdb8 $1 {shows focus (and an advantage).}) 26... Rb8 27. Bf1 Qxb5 28.
Qxb5 Rxb5 29. Rdxd3 Rxd3 30. Bxd3 Rb7 31. Ba3 {with some compensation but not
enough.}) 26. g4 $2 ({Stockfish likes} 26. Rcxd3 $1 Rxd3 27. Rxd3 Bxf3 28. Bxf3
Qxf3 29. Be5 {with 0.00s everywhere.}) (26. Kf2 {and}) (26. Qf4 {don't cut it})
26... Qh4 $2 (26... fxg4 27. Qxg4 (27. fxg4 Qh4 $19) 27... Qxg4 28. fxg4 Bxg2 (
28... Rab8) 29. Kxg2 d2 $1 30. Kf2 Rab8 31. Ke2 Rxb5 32. Rxd2 Rdb8 $17) 27.
gxf5 Qg5 {Looks good, setting up threats, but I can meet them.} (27... Qh5 28.
fxe6 Bxf3 29. Bxf3 Qxf3 30. Rdxd3 Qe2 31. Qc4 Qe1+ 32. Kg2 Qe2+ {is a perpetual
}) 28. Qf4 $1 Qxf4 29. exf4 $11 {[#] Nice collection of pawns I have here. 
(Just kidding!)} exf5 30. Rcxd3 Re8 $4 (30... Be7 $1 $11 {doesn't concede the
file and serious rook entry} 31. Rd7 Kf7 32. Bf1 Bxf3 33. Bc4+ Ke8 34. Rxd8+
Rxd8 35. Rxd8+ Bxd8 $11 36. Kf2 Bh5 37. Bxg7 Bf7 $11 {ends the dream}) 31. Be5
(31. Bf1 {is quite good as well.}) 31... a4 (31... c4 32. bxc4 a4 33. Bd6 $18 {
puts down the fire.}) 32. bxa4 Rxa4 33. Rd8 {Around here I saw the game
continuation growing.} Rxd8 34. Rxd8 Ra8 35. Rd7 Bc8 36. Rc7 Rb8 (36... Be6 37.
b6 Ra3 38. Ra7 $1 c4 39. Rxa3 Bxa3 40. b7 Bc5+ 41. Kf1 Ba7 42. b8=Q+ {when my
ragged pawns should still win.}) 37. Bf1 Be6 38. Rc6 Re8 {[#]} 39. Rxe6 {
He definitely should have made getting rid of that b-pawn a priority!} 1-0

[Event "Mechanics' Spring TNM: 2000+"]
[Site "San Francisco"]
[Date "2019.05.07"]
[Round "8.4"]
[White "Childress, Jason"]
[Black "Ivanov, Aleksander"]
[Result "0-1"]
[WhiteElo "2058"]
[BlackElo "2171"]
[Annotator "de Firmian/Winslow"]
[PlyCount "92"]
[EventDate "2019.??.??"]

1. e4 c5 2. d4 cxd4 3. c3 dxc3 4. Nxc3 Nc6 5. Nf3 d6 6. Bc4 a6 7. O-O Nf6 8.
Bf4 e6 9. Qe2 Be7 10. Rfd1 Qc7 11. Rac1 {The opening is about even; White has
compensation for the pawn.} Qb8 12. h3 $6 (12. e5 $1 {is much more in the
gambit spirit.} Nh5 13. Bg5) 12... Ne5 13. Bb3 O-O {Black is safe} 14. Nd4 Bd7
15. Bg3 Rd8 16. f4 Nc6 17. Nf3 Na5 18. Bc2 b5 19. e5 Nh5 20. Bh2 g6 21. g4 Ng7
22. Ne4 Ne8 23. Kh1 Bc6 24. f5 Nc4 25. fxe6 fxe6 26. exd6 Nexd6 27. Nxd6 Bxd6
28. Be4 (28. Qxe6+ Kg7 {is okay for Black; White's king is also loose.}) 28...
Bxe4 29. Qxe4 Bxh2 30. Rxd8+ Qxd8 31. Qxe6+ Kg7 32. Kxh2 Qc7+ 33. Kg2 Rf8 34.
b3 Qf4 35. Qd7+ Rf7 36. Qd4+ Qxd4 37. Nxd4 Ne3+ 38. Kg3 Nf1+ 39. Kg2 Ne3+ 40.
Kg3 Nf1+ 41. Kh4 Ne3 42. Ne6+ Kf6 43. Rc6 Ke5 {[#]} 44. Rxa6 $2 {Overlooking a
devilish trap.} (44. Ng5 $11) 44... Rf6 45. Nc5 $2 Rxa6 46. Nxa6 Kf4 $1 0-1

[Event "Mechanics' Spring TNM: 2000+"]
[Site "San Francisco"]
[Date "2019.05.07"]
[Round "8.5"]
[White "Tsodikova, Natalya"]
[Black "Uzzaman, Ashik"]
[Result "1-0"]
[WhiteElo "2185"]
[BlackElo "1931"]
[Annotator "de Firmian/Winslow"]
[PlyCount "59"]
[EventDate "2019.??.??"]

{[%evp 0,59,30,31,52,51,103,52,55,41,41,30,31,18,35,-3,-3,10,24,36,46,-8,-9,7,
27,31,35,27,61,60,60,51,42,82,82,75,177,110,140,75,145,143,229,154,192,178,178,
169,151,112,267,177,190,194,329,350,361,234,234,212,29995,965]} 1. e4 c5 2. Nf3
d6 3. Bb5+ Bd7 (3... Nd7 {is the "hot" move.}) 4. Bxd7+ Nxd7 (4... Qxd7 {
way more popular and "normal" (the knight heads for c6) but the move played
has its adherents.}) 5. O-O Ngf6 6. Qe2 (6. Re1) 6... g6 (6... e6 {more common
and successful} 7. b3 (7. c3 Be7 8. d4 (8. d3 $5) 8... cxd4 (8... O-O) 9. cxd4
d5) 7... Be7 8. Bb2 O-O 9. c4 a6) 7. c3 Bg7 (7... Bh6 $5 8. d4 Bxc1 9. Rxc1 O-O
10. e5 Nh5 {½-½ (60) Caruana,F (2787)-Nakamura,H (2793) Saint Louis "Blitz
Showdown" 2015}) 8. d4 cxd4 (8... e5 $5) 9. cxd4 O-O (9... e5 $5) 10. e5 $5
dxe5 11. dxe5 Ng4 {[#]} 12. e6 (12. Bf4 {was "the master's move"} Qc7 13. Rc1
Qa5 14. Re1 Nc5 15. h3 Nh6 16. Nc3 Ne6 17. Bh2 {1-0 (35) Breder,D (2220)
-Hautot,S (2085) Mureck 1998}) 12... Nde5 13. exf7+ (13. Ng5 fxe6 14. h3 (14.
Nxe6 Qd6 15. Nxf8 $4 Nf3+) 14... h6 15. hxg4 hxg5 16. Bxg5 Qd3 17. Qe1 Qd6 18.
Qe4 {1-0 (44) Menzi,N (1911)-Rosales Murillo,C (1658) Caldas Novas 2011}) 13...
Rxf7 $11 14. Ng5 {[#]} Rf5 (14... Rxf2 $3 15. Rxf2 Nxf2 16. Qxf2 $1 (16. Kxf2
Nd3+ $1 17. Kf1 (17. Kg1 $6 Qb6+ 18. Be3 Bd4 $17 19. Qxd3 Bxe3+ 20. Kh1 Bxg5
$17) 17... Qd5 18. Nc3 Bxc3 19. bxc3 (19. Qxe7 Bg7) 19... Nxc1 $15) 16... Qd1+
17. Qf1 Qd4+ 18. Kh1 Rf8 19. Nf3 Ng4 $11 (19... Nd3 $11)) 15. h3 Nh6 (15...
Rxf2 16. Rxf2 Nxf2 17. Qxf2 Qd1+ 18. Qf1 Qd4+ 19. Kh1 $18) 16. Rd1 Qb6 17. Nc3
Nc6 18. Be3 Qa5 (18... Qa6) 19. Nce4 Nf7 20. Nxf7 Kxf7 21. Rd7 (21. Qc4+ $1)
21... Qe5 $6 (21... Kg8) 22. Qc4+ (22. Nd6+ $1 Ke6 23. Nxf5 Kxd7 24. Nxg7 Qxg7
25. Qb5) 22... Kf8 23. Rad1 $6 (23. a4 $1) 23... Qb5 $16 24. Qe6 Re8 ({It's
more urgent to kick out the queen with} 24... Re5) 25. a4 (25. R7d5 $1 Rxd5 26.
Rxd5 {when 27.Ng5 sends Black into panic} Nd8 27. Ng5 $1 {anyway}) 25... Qe5 (
25... Qxb2 $5 26. Nc5 Qf6 27. Qc4) 26. Nc5 $1 b6 27. Qxc6 bxc5 28. Rxa7 Qxb2
29. Bxc5 Qb3 {[#]} 30. Bxe7+ (30. Qxe8+ $3 Kxe8 31. Rxe7+ Kf8 32. Rd8#) (30.
Bxe7+ Rxe7 31. Rd8+ Kf7 32. Qe8+) 1-0

[Event "Mechanics' Spring TNM: 2000+"]
[Site "San Francisco"]
[Date "2019.05.07"]
[Round "8.6"]
[White "Walder, Michael"]
[Black "Askin, David"]
[Result "1/2-1/2"]
[WhiteElo "1989"]
[BlackElo "2013"]
[Annotator "de Firmian/Winslow"]
[PlyCount "117"]
[EventDate "2019.??.??"]

{[%evp 0,117,29,15,91,54,33,33,29,1,45,10,14,4,4,-21,26,54,54,50,46,47,57,53,
47,60,76,53,76,83,109,98,150,85,96,72,79,82,118,113,115,107,107,112,112,61,63,
68,128,73,90,73,68,57,77,96,105,97,102,98,122,129,123,112,133,132,135,124,134,
123,127,127,145,145,164,168,216,218,319,327,324,347,390,370,381,251,281,229,
313,326,272,312,272,227,216,208,222,226,211,238,241,286,306,318,318,246,242,
242,242,257,290,297,313,147,147,9,14,0,0,0]} 1. e4 c6 2. c4 d5 3. exd5 cxd5 4.
cxd5 Nf6 5. Nc3 Nxd5 6. Nf3 e6 7. Bc4 Nb6 8. Bb3 Be7 9. d4 N8d7 10. O-O Nf6 11.
Re1 O-O 12. Ne5 Nbd5 13. a3 a6 14. Qd3 Qd6 15. Bc2 b5 16. Nxd5 Qxd5 17. Bb3 Qd6
18. Bf4 Nh5 {[#]} 19. Qf3 $6 (19. Bc2 $1 f5 (19... g6 20. Nxg6 $1) 20. Bd2 {
wins} Bb7 21. Bb3 a5 (21... Bd5 22. Bb4 $1 Qc7 23. Bxd5 exd5 24. Bxe7 Qxe7 25.
Ng6 Qxe1+ 26. Rxe1 hxg6) 22. Nd7 $1) 19... Nxf4 20. Qxa8 Qxd4 21. Nc6 Qf6 22.
Nxe7+ Qxe7 23. Qe4 Qc7 24. Qe5 Qxe5 25. Rxe5 Bb7 26. f3 (26. g3) 26... Rc8 27.
Rd1 Nd5 28. Re2 g6 29. Rc2 Re8 30. Bxd5 Bxd5 31. Rc7 a5 32. Rdc1 Kg7 33. Rc8
Rxc8 34. Rxc8 a4 35. Kf2 h5 36. Ke3 Kf6 37. h4 Ke5 38. Rc5 g5 39. hxg5 Kf5 40.
Rxb5 Kxg5 41. Rb4 Bc6 42. g3 e5 43. Rb8 f5 44. Rg8+ Kf6 45. Rh8 Kg5 46. f4+
exf4+ 47. gxf4+ Kg4 48. Rg8+ Kh4 49. Rg5 Be4 50. Kd4 Kh3 51. Rxh5+ Kg4 52. Rh8
Kxf4 53. Rh4+ Kf3 54. Ke5 Ke3 55. Rh3+ Kd2 {[#]} 56. Rc3 $4 {In time pressure
White blunders --} ({Walder points out} 56. b3 $1) ({or} 56. b4 $1 axb3 (56...
Bc6 57. Rh7 Ke3 58. Rc7 {it's over}) 57. Rxb3 Bc6 58. Rb6 Be8 59. Rb8 {when
nice is} Bc6 60. Rd8+ Ke3 61. Rd4) 56... Bc2 57. Kf4 Kc1 58. Rc4 Kxb2 59. Rxa4
1/2-1/2

[Event "Mechanics' Spring TNM: 2000+"]
[Site "San Francisco"]
[Date "2019.05.07"]
[Round "8.7"]
[White "Griffith, Kyron"]
[Black "Gaffagan, Steven"]
[Result "1-0"]
[WhiteElo "2452"]
[BlackElo "2019"]
[Annotator "de Firmian/Winslow"]
[PlyCount "79"]
[EventDate "2019.??.??"]

{[%evp 0,79,30,31,55,36,36,36,55,52,55,63,47,26,21,46,46,42,54,54,44,29,44,34,
38,18,55,50,90,88,86,74,74,58,62,50,53,40,66,74,92,100,100,71,85,109,118,98,
118,117,115,114,134,104,128,130,138,102,132,145,142,131,123,146,140,137,214,
213,220,221,260,270,555,566,571,588,714,727,732,732,741,741]} 1. e4 e6 2. d4 d5
3. Nd2 a6 4. Ngf3 c5 5. exd5 exd5 6. Be2 Nc6 7. O-O Bd6 8. dxc5 Bxc5 9. Nb3 Bd6
10. c3 Nge7 11. Re1 O-O 12. Nbd4 Nf5 $6 {[#]} (12... h6 $1) 13. Bg5 $1 Be7 (
13... Qa5 14. Nb3 Qc7) 14. Bxe7 Ncxe7 15. Bd3 Nxd4 16. Nxd4 Nc6 17. Nb3 g6 $6 {
[#] Black can expect a long siege, what with the IQP and all those pawns on
the color of the bishop.} 18. Qd2 a5 19. a4 d4 $5 20. Bb5 $1 dxc3 21. Qxc3 Nb4
22. Rad1 Qb6 23. Qe5 (23. Nc5 $1 Bf5 24. Bd7 $1) 23... Qe6 24. Qc3 Na2 25. Qg3
$1 Qg4 26. Qxg4 $6 (26. Qc7 $1) 26... Bxg4 27. f3 Bc8 28. Re7 Be6 29. Nc5 Rad8
30. Re1 (30. Rxd8 Rxd8 31. Nxe6 fxe6 32. b3 $1) 30... Bc8 31. Nxb7 Bxb7 32.
Rxb7 Rd2 33. Bc4 $1 Nb4 34. Ree7 Nd3 35. h4 Nxb2 $6 36. Bxf7+ Rxf7 37. Rxf7
Nxa4 38. Rg7+ Kf8 39. Rbf7+ Ke8 40. Ra7 1-0

[Event "Mechanics' Spring TNM: 2000+"]
[Site "San Francisco"]
[Date "2019.05.07"]
[Round "8.8"]
[White "Hakobyan, Sos"]
[Black "Heredia Serrano, Carla"]
[Result "0-1"]
[WhiteElo "1829"]
[BlackElo "2291"]
[Annotator "de Firmian/Winslow"]
[PlyCount "64"]
[EventDate "2019.??.??"]

{[%evp 0,64,30,-3,-18,-28,-25,-83,-75,-40,-53,-84,-31,-27,-27,-5,18,-31,-13,
-75,-34,-49,-47,-49,-52,-52,-76,-119,-112,-171,-147,-122,-112,-243,-220,-220,
-204,-216,-181,-181,-206,-488,-352,-352,-298,-360,-331,-331,-393,-456,-274,
-512,-396,-29991,-29992,-29993,-767,-792,-826,-820,-784,-784,-793,-793,-807,
-29985,-29986]} 1. g3 d5 2. Bg2 e5 3. b3 Nf6 4. Bb2 Nc6 5. d3 Bg4 6. Nd2 Bb4 7.
a3 Ba5 8. c4 dxc4 9. bxc4 O-O 10. Bxc6 bxc6 11. h3 Bh5 12. g4 Bg6 13. Bxe5 Re8
{The pin on the e-file is trouble.} 14. f4 Nd7 15. Ngf3 f6 16. Bxf6 Qxf6 17. f5
Bxd2+ 18. Nxd2 Qh4+ 19. Kf1 {[#]} Ne5 $1 20. fxg6 (20. Qe1 Qh6 $1) 20... Rf8+
21. Nf3 Nxf3 {[#]} 22. gxh7+ Kxh7 23. Kg2 Nd4 24. Rf1 Rae8 25. Ra2 Re3 26. Rxf8
Rg3+ 27. Kf1 Qxh3+ 28. Ke1 Rg1+ 29. Kd2 Rxd1+ 30. Kxd1 Qh1+ 31. Kd2 Qb1 32. Kc3
c5 0-1

[Event "Mechanics' Spring TNM: 2000+"]
[Site "San Francisco"]
[Date "2019.05.07"]
[Round "8.9"]
[White "Askin, Michael"]
[Black "Davila, Carlos"]
[Result "0-1"]
[WhiteElo "1941"]
[BlackElo "2075"]
[Annotator "de Firmian/Winslow"]
[PlyCount "57"]
[EventDate "2019.??.??"]

{(Both their opponents couldn't make the round, so they played. But the score
is suspect!)} 1. d4 Nf6 2. Nf3 e6 3. c4 Bb4+ 4. Nbd2 d5 5. g3 dxc4 6. Bg2 O-O
7. O-O c3 8. Nb3 cxb2 9. Bxb2 a5 10. Rc1 a4 11. Nc5 a3 12. Ba1 b6 13. Ne5 Nd5
14. Ncd3 Be7 15. e4 Nf6 16. g4 Bb7 17. Qe2 c5 18. dxc5 bxc5 19. Rfd1 Qa5 20. g5
Nfd7 21. Nc4 Qa6 22. Qg4 (22. Qh5 $1) 22... Nc6 {[#]} 23. Nb4 $2 (23. h4 $5 $15
) (23. Nf4) (23. Bf6 $3 $11) 23... Nxb4 (23... cxb4 $5) 24. Rxd7 Nxa2 25. Rc2
$6 (25. Re1 {doesn't quite hold either}) 25... Nb4 (25... Qa4 $1) 26. Rc3 Na2
27. Rh3 Qxc4 28. Bf6 $6 (28. Qh4 h6) (28. Qh5 Bxe4) (28. g6 $5 hxg6 29. Qf4 (
29. Rxb7 Qc1+ 30. Bf1 Rab8 (30... Qxa1 31. Rxe7 Qf6)) (29. Rxe7 Qc1+ 30. Bf1
Ba6 {it's always Black First.}) 29... Qc1+ (29... g5)) 28... Nc1 29. Qh4 {
and White resigned, seeing} (29. Qh4 Ne2+ 30. Kf1 Ng3+ 31. Kg1 Qc1+ {and mate.
(Those moves on the Internet replay sites were the players analyzing.)}) 0-1

[Event "Mechanics' Spring TNM: 2000+"]
[Site "San Francisco"]
[Date "2019.05.07"]
[Round "8.11"]
[White "Rudyak, Felix"]
[Black "Melville, Cailen J"]
[Result "0-1"]
[WhiteElo "1865"]
[BlackElo "1941"]
[Annotator "de Firmian/Winslow"]
[PlyCount "68"]
[EventDate "2019.??.??"]

{[%evp 0,68,19,31,46,-16,12,-7,56,48,48,48,57,70,63,24,24,14,36,42,34,16,16,28,
33,28,32,36,26,39,50,44,44,57,59,62,51,51,51,16,49,-5,0,-78,-52,0,0,-22,-21,
-21,0,0,65,0,0,-26,-21,-174,-106,-100,-104,-113,-105,-129,-183,-206,-205,-233,
-130,-827,-884]} 1. d4 e6 2. c4 b6 3. e4 Bb4+ 4. Bd2 Bxd2+ 5. Nxd2 d5 6. cxd5
exd5 7. e5 Ne7 8. Bd3 O-O 9. Qc2 h6 10. Rc1 Nbc6 11. Qc3 a5 12. Ne2 Ba6 13. a3
Bxd3 14. Qxd3 Qd7 15. O-O f6 16. f4 fxe5 17. fxe5 (17. dxe5 $1 $16) 17... Rxf1+
18. Rxf1 Rf8 19. Nf3 Qf5 20. Qb5 $2 (20. Qxf5 Nxf5 21. Rc1 $14) 20... Qe4 21.
Rd1 Qe3+ 22. Kh1 {[#]} Rxf3 $1 23. gxf3 Qxf3+ 24. Kg1 Qg4+ $6 25. Kf1 Qf3+ 26.
Kg1 Nf5 $1 27. Rf1 Qg4+ $6 (27... Qe3+ 28. Rf2 (28. Kh1 $2 Qe4+ 29. Kg1 Ne3 $19
) 28... Ncxd4 29. Qxd5+ Kh7 30. Nxd4 Qc1+ 31. Rf1 Qxf1+ 32. Kxf1 Ne3+ 33. Ke2
Nxd5 34. Kf3 Kg6 35. Ke4 {and it looks like White could be hanging on}) 28. Ng3
$6 (28. Kf2 $11 Qh4+ 29. Kg1) 28... Qxd4+ 29. Kh1 $6 Nxg3+ 30. hxg3 Qe4+ 31.
Kh2 Nxe5 $17 32. Qe8+ Kh7 33. Rf8 Ng4+ 34. Kh3 $2 (34. Kg1) 34... Nf2+ {
(taking costs the queen)} 0-1

[Event "Mechanics' Spring TNM: 2000+"]
[Site "San Francisco"]
[Date "2019.05.07"]
[Round "8.13"]
[White "Lehman, Clarence E"]
[Black "Persidsky, Andre"]
[Result "1-0"]
[WhiteElo "1918"]
[BlackElo "1814"]
[Annotator "de Firmian/Winslow"]
[PlyCount "78"]
[EventDate "2019.??.??"]

{[%evp 0,78,16,28,46,-15,-5,-8,91,43,77,61,34,40,50,38,38,32,30,25,25,18,37,23,
27,-41,-21,-35,0,-54,-48,-54,33,20,20,8,15,12,1,28,22,29,64,45,78,87,82,75,80,
127,149,155,62,-151,-138,-167,-148,-160,-113,-113,-133,-113,22,-31,215,276,267,
289,397,343,668,305,326,330,330,333,335,335,336,339,343]} 1. e4 c5 2. b4 e5 3.
Bb2 Qc7 4. Nf3 Nc6 5. b5 Nd4 6. Bc4 Be7 7. O-O Nf6 8. Nc3 O-O 9. d3 d6 10. h3
Bd7 11. a4 a6 12. Ne1 axb5 13. axb5 Ra5 14. Rxa5 Qxa5 15. f4 Nxb5 16. Bxb5 Bxb5
17. fxe5 dxe5 18. Nxb5 Qxb5 19. Bxe5 Rd8 20. Qf3 c4 21. d4 Qc6 22. d5 Qe8 23.
Bd4 Rd7 24. c3 Bd8 25. Qg3 Bc7 26. Qg5 h6 27. Qf5 Nxe4 28. Qg4 f6 29. Nf3 Re7
30. Nh4 {(#} Kh7 $2 $11 (30... h5 $1 $19) 31. Nf5 $1 Rd7 $2 (31... h5 $14 32.
Qh4 g5 33. Qe1 Rd7 34. Qb1 Be5 35. Re1 Bxd4+ 36. Nxd4 f5 37. Ne6 $16) 32. Re1
$18 Qf7 33. Qxe4 g6 34. d6 (34. Nxh6 $1 Qxd5 (34... Kxh6 35. Qh4+ Kg7 36. Re8
$1)) (34. Qe6) (34. Ne3) 34... Bb8 $6 (34... Bxd6 35. Nxd6 Rxd6 36. Rb1) 35.
Qe8 Qxe8 36. Rxe8 Bxd6 37. Nxd6 Rxd6 38. Re7+ Kg8 39. Rxb7 Rc6 {... and White
won} 1-0